Southville International School and Colleges
Your cart is empty.
  • Cart
  • Lists
    Public lists Eva Luna New books Lux_list list_1
    Your lists Log in to create your own lists
  • Log in to your account
  • Your cookies
  • Search history
Southville International School and Colleges
  • Advanced search
  • Recent comments
  • Most popular
  • Libraries

Log in to your account

Log in with GOOGLE


If you do not have an external account, but do have a local account, you can still log in:

  1. Home
  2. MARC view: Across the stream /
Normal view MARC view ISBD view

Across the stream / (Record no. 113327)

[ view plain ]
MARC details
000 -LEADER
fixed length control field 00502nam a2200181 a 4500
001 - CONTROL NUMBER
control field 0325
005 - DATE AND TIME OF LATEST TRANSACTION
control field 20140414132014.0
008 - FIXED-LENGTH DATA ELEMENTS--GENERAL INFORMATION
fixed length control field 040909s19uu xx 00 eng d
020 ## - INTERNATIONAL STANDARD BOOK NUMBER
International Standard Book Number 0-590-42664-8
050 ## - LIBRARY OF CONGRESS CALL NUMBER
Classification number TR
Item number AC1 1982
100 ## - MAIN ENTRY--PERSONAL NAME
Personal name Ginsburg, Mirra
245 ## - TITLE STATEMENT
Title Across the stream /
Statement of responsibility, etc By Mirra Ginsburg ; Pictures by Nancy Tafuri.
260 ## - PUBLICATION, DISTRIBUTION, ETC. (IMPRINT)
Place of publication, distribution, etc New York :
Name of publisher, distributor, etc Scholastic,
Date of publication, distribution, etc 1982.
300 ## - PHYSICAL DESCRIPTION
Extent 23 p. : ill. ; cm.
650 ## - SUBJECT ADDED ENTRY--TOPICAL TERM
Topical term or geographic name as entry element Animals
General subdivision Fiction.
650 ## - SUBJECT ADDED ENTRY--TOPICAL TERM
Topical term or geographic name as entry element Children stories.
Holdings
Withdrawn status Lost status Damaged status Use restrictions Home library Current library Shelving location Date acquired Source of acquisition Total Checkouts Full call number Barcode Date last seen Price effective from Koha item type
        Munich Library Munich Library Teachers Reference Section 09/09/2004     TR AC1 1982 M4875 04/14/2014 04/14/2014 Books

Across the stream /

APA

Ginsburg M., . (1982). Across the stream. New York: Scholastic.

Chicago

Ginsburg Mirra, . 1982. Across the stream. New York: Scholastic.

Harvard

Ginsburg M., . (1982). Across the stream. New York: Scholastic.

MLA

Ginsburg Mirra, . Across the stream. New York: Scholastic. 1982.

  • Place hold
  • Print
  • Cite
  • Add to your cart (remove)
  • Save record
    BIBTEX Dublin Core MARCXML MARC (non-Unicode/MARC-8) MARC (Unicode/UTF-8) MARC (Unicode/UTF-8, Standard) MODS (XML) RIS
  • More searches
    Search for this title in:
    Other Libraries (WorldCat) Other Databases (Google Scholar) Online Stores (Bookfinder.com) Open Library (openlibrary.org)

Exporting to Dublin Core...

SOUTHVILLE LIBRARY

Southville International School and Colleges Library

1281 Tropical Ave. Cor. Luxembourg St., BF Homes International, Las Pinas City

Tel. No. 8256374 / 252358 Loc. 117/146

Powered by Koha